Special economic zones in India : policy, performance and prospects (Record no. 18092)

MARC details
000 -LEADER
fixed length control field 00533nam a2200193 a 4500
001 - CONTROL NUMBER
control field 155652
003 - CONTROL NUMBER IDENTIFIER
control field OSt
005 - DATE AND TIME OF LATEST TRANSACTION
control field 20210920130734.0
008 - FIXED-LENGTH DATA ELEMENTS--GENERAL INFORMATION
fixed length control field 180315 ### HIN
020 ## - INTERNATIONAL STANDARD BOOK NUMBER
International Standard Book Number 9781107109544
082 ## - DEWEY DECIMAL CLASSIFICATION NUMBER
Classification number 338.954
Item number T15S
100 ## - MAIN ENTRY--PERSONAL NAME
Personal name Tantri, Malini L.
245 ## - TITLE STATEMENT
Title Special economic zones in India : policy, performance and prospects
Statement of responsibility, etc by Malini L Tantri
260 ## - PUBLICATION, DISTRIBUTION, ETC. (IMPRINT)
Place of publication, distribution, etc Delhi
Name of publisher, distributor, etc Cambridge University Prees
Date of publication, distribution, etc 2016
300 ## - PHYSICAL DESCRIPTION
Extent xviii, 171p.
653 ## - INDEX TERM--UNCONTROLLED
Uncontrolled term India
653 ## - INDEX TERM--UNCONTROLLED
Uncontrolled term Economic zoning
942 ## - ADDED ENTRY ELEMENTS (KOHA)
Source of classification or shelving scheme Dewey Decimal Classification
Koha item type Books
Holdings
Withdrawn status Lost status Damaged status Not for loan Collection code Home library Current library Date acquired Source of acquisition Total Checkouts Full call number Barcode Date last seen Date checked out Price effective from Koha item type
        General Text Book Central University Of Rajasthan Central University Of Rajasthan 15/03/2018 COM 1 338.954 T15S 30331 15/03/2022 28/02/2022 02/09/2020 Books
        General Text Book Central University Of Rajasthan Central University Of Rajasthan 15/03/2018 COM   338.954 T15S 30330 02/09/2020   02/09/2020 Books